[Event "Spring Chess Classic 2017-B"]
[Site "Saint Louis"]
[Date "2017.05.16"]
[Round "1"]
[White "Belous, Vladimir"]
[Black "Fier, Alexandr"]
[Result "1/2-1/2"]
[WhiteElo "2587"]
[BlackElo "2569"]
[Annotator "TA"]
[PlyCount "87"]
[EventDate "2017.??.??"]
[EventType "tourn"]
[EventCountry "USA"]
[SourceTitle "playchess.com"]
[Source "ChessBase"]
[SourceQuality "1"]

{[%evp 25,87,25,38,31,36,46,30,10,23,-13,0,-1,9,-20,-17,-11,-11,-8,-16,-20,-10,-13,0,0,0,0,-14,-14,-14,-14,-14,-7,0,-22,-29,-34,-38,-66,-74,-94,-88,-94,-94,-95,-45,-95,-96,-96,-74,-70,0,0,0,0,0,0,0,0,0,-8,0,0,0,-8]} 1. d4 Nf6 2. c4 g6 3. Nc3 Bg7 4. e4 O-O 5. Nf3 d6 6. Be2 e5 7. d5 a5 8. Bg5 Na6 9. Nd2 Nc5 10. b3 Bd7 11. Qc2 h6 12. Bh4 c6 13. O-O Qb8 14. a3 {E92: King's Indian: Classical: 6 Be2 e5: 7 dxe5, 7 Be3 and Petrosian System without 7...Nbd7} cxd5 15. cxd5 Rc8 {[#] White must now prevent ...Ncxe4!} 16. Bxf6 $146 {White has an edge.} ({Predecessor:} 16. Qb2 Nh7 17. b4 axb4 18. axb4 Na4 19. Nxa4 Rxa4 20. b5 Qa7 21. Nc4 Rxa1 22. Rxa1 {1-0 (34) Flores,D (2553)-Quiroga,F (2339) La Plata 2008}) 16... Bxf6 17. Bb5 Bxb5 18. Nxb5 a4 19. Qd1 {White wants to play b4.} axb3 20. Nxb3 Bg5 21. Nxc5 Rxc5 22. Rb1 Qd8 23. Qb3 Rac8 24. Na7 R8c7 25. Qb6 Rd7 26. Qxd8+ Bxd8 27. Rfc1 Bb6 28. Nb5 f5 29. Rxc5 (29. Kf1 {seems wilder.} fxe4 30. Rxc5 Bxc5 31. Nc3 Bxa3 32. Ra1) 29... Bxc5 30. exf5 gxf5 $11 {[%mdl 4096] Endgame KRB-KRN} 31. g3 Kf7 32. Kf1 Kf6 33. f3 h5 34. a4 b6 35. Ra1 Rg7 36. Kg2 Rg8 37. Rc1 Ra8 (37... Re8 $15) 38. Rc4 {The position is equal.} Re8 39. Nc7 Rg8 40. Ne6 Ra8 41. Rh4 (41. Nc7 $5 {[%cal Rc7a8]} Ra7 42. Ne6 $11) 41... Be3 42. Rc4 Bc5 (42... b5 $5 43. axb5 Ra2+ 44. Kh1 Ra1+ 45. Kg2 Ra2+ 46. Kh1 Ra1+ 47. Kg2 Ra2+ $15) 43. Rh4 Be3 44. Rc4 {Precision: White = 52%, Black = 53%.} 1/2-1/2

[Event "Spring Chess Classic 2017-B"]
[Site "Saint Louis"]
[Date "2017.05.16"]
[Round "1"]
[White "Gelashvili, Tamaz"]
[Black "Liang, Awonder"]
[Result "0-1"]
[WhiteElo "2563"]
[BlackElo "2488"]
[Annotator "TA"]
[PlyCount "96"]
[EventDate "2017.??.??"]
[EventType "tourn"]
[EventCountry "USA"]
[SourceTitle "playchess.com"]
[Source "ChessBase"]
[SourceQuality "1"]

{[%evp 9,96,-22,10,-33,31,-20,-27,-27,-27,-27,0,-27,-18,-184,0,-25,13,-33,-33,-28,-24,-58,-50,-47,16,12,21,22,47,36,28,-175,-182,-208,-224,-264,-189,-206,0,-193,-191,-195,-173,-199,-193,-265,-276,-287,-292,-291,-275,-293,-282,-284,-268,-306,-296,-279,-110,-106,-107,-204,-201,-204,-97,-105,-100,-96,-87,-558,-549,-919,-856,-1019,-1081,-1085,-1020,-1228,-1092,-946,-856,-1575,-1447,-5197,-5089,-5509,-5509,-4829,-4222]} 1. e4 c5 2. b3 g6 3. Bb2 Nf6 4. e5 Nd5 5. Nf3 (5. h4 Bg7 6. h5 Nc6 7. Nf3 d6 8. Bb5 Bg4 9. hxg6 hxg6 10. Rxh8+ Bxh8 11. Qe2 dxe5 12. Bxe5 Bxe5 13. Qxe5 {1-0 (35) Navara,D (2734)-Wojtaszek,R (2727) Huaian 2016}) 5... Nc6 6. Ng5 {Black must now prevent e6. B20: Sicilian: Unusual White 2nd moves} Bh6 (6... e6 $15 7. Ne4 Bg7) 7. e6 (7. Bc4 $14) 7... Bxg5 $11 8. Bxh8 {Black has an edge.} f6 9. Bg7 $146 ({Predecessor:} 9. h4 Bf4 10. c4 Ndb4 11. a3 Qc7 12. exd7+ Bxd7 13. Bxf6 exf6 14. axb4 {½-½ (88) Ferluga,S (1419)-Van Esbroeck,J (1418) LSS email 2010}) 9... dxe6 10. h4 $1 {[%cal Rh4g5]} Bf4 11. g3 $2 (11. h5 $1 $11 Kf7 12. Bh6 $1 {[%mdl 512]} (12. hxg6+ hxg6 13. Bh8 Qd6 $11)) 11... Be5 $2 ({Better is} 11... Kf7 $19 {Hoping for ...Be5.} 12. h5 Kxg7 13. gxf4 Nxf4 14. hxg6 hxg6) 12. c3 (12. h5 $5 {[%cal Rh5g6]} Ne3 13. dxe3 (13. fxe3 $2 Bxg3+ 14. Ke2 Qd5 $19) 13... Qxd1+ 14. Kxd1 Bxa1 15. hxg6 hxg6 16. Rh8+ Kd7 17. Bd3 $11) 12... Ndb4 13. Be2 (13. d4 $2 Nxd4 14. Be2 (14. cxb4 $2 Qd5 $19) (14. cxd4 $2 Qxd4 15. Qxd4 Bxd4 $19) 14... Ndc2+ 15. Kf1 Qxd1+ 16. Bxd1 Nxa1 $19) 13... Nd3+ $1 {[%mdl 1024] Black has compensation.} 14. Kf1 $1 (14. Bxd3 $2 Qxd3 15. Rg1 Bc7 $17) 14... b6 15. h5 g5 $1 $40 {[%mdl 128] Black mounts an attack.} 16. h6 Bb7 ({Don't play} 16... Qd5 $6 17. Bh5+ (17. Bf3 Qd6 $14) 17... Kd8 18. Bf3 $14) ({Black should try} 16... Ba6 $15) 17. Na3 Qd7 18. Bh5+ Kd8 19. Qe2 $1 Ba6 20. Bf3 $2 (20. Nc4 $11 {and White stays safe.}) 20... Ne1 $1 $19 {[%cal Bd3e1,Be1f3,Bf3d2][%mdl 32]} 21. Qxa6 Nxf3 22. d4 cxd4 23. Qd3 Qd5 24. c4 $2 {[#]} ({Much weaker is} 24. Ke2 g4 $17) (24. Qxh7 $11 Nd2+ 25. Kg1) 24... Qe4 $1 {[%cal Re4d3][%mdl 512]} 25. Qxe4 Nd2+ 26. Kg2 Nxe4 27. f4 (27. Rhf1 $142) 27... gxf4 28. gxf4 Bxf4 29. Kf3 Bd6 30. Kxe4 {Nb5 is the strong threat.} Bxa3 31. Raf1 Kd7 32. Bxf6 exf6 33. Rxf6 {With the idea Rf7+.} Rg8 $2 (33... Rf8 $19 34. Rxf8 Bxf8) 34. Rf7+ $17 Kd6 {Threatens to win with ...Rg4+.} 35. Rg7 (35. Rxh7 $17 Rg4+ 36. Kf3 Ne5+ 37. Kf2) 35... Rh8 $19 36. Rf1 {If only White now had time for Rff7....} Kc5 (36... Bb4 $19 37. Rff7 Ne5 38. Rxa7 d3) 37. Rff7 Bc1 {And now ...d3 would win.} 38. Rxh7 Rd8 {Strongly threatening ...d3.} 39. a3 $2 {[%mdl 8192]} (39. Rf1 $17 {is tougher.} Bg5 40. Rg1) 39... d3 {[%cal Bd4d3,Bd3d2][%mdl 32] Black is clearly winning.} 40. Rd7 {[#]} d2 $1 41. Rxd8 Nxd8 42. Rd7 {[#]} Nf7 $1 {[%mdl 512]} 43. h7 (43. Rxf7 d1=Q) 43... Kc6 ({Don't go for} 43... Nd6+ $2 {[#]} 44. Rxd6 $1 {[%mdl 512]} Kxd6 45. h8=Q $18) 44. Rd3 Ng5+ 45. Ke5 Nxh7 46. Kxe6 Ng5+ 47. Ke7 Bxa3+ 48. Kf6 Bc1 {Precision: White = 32%, Black = 50%.} 0-1

[Event "Spring Chess Classic 2017-B"]
[Site "Saint Louis"]
[Date "2017.05.16"]
[Round "1"]
[White "Chirila, Ioan-Cristian"]
[Black "Abdumalik, Zhansaya"]
[Result "1-0"]
[WhiteElo "2536"]
[BlackElo "2420"]
[Annotator "TA"]
[PlyCount "83"]
[EventDate "2017.??.??"]
[EventType "tourn"]
[EventCountry "USA"]
[SourceTitle "playchess.com"]
[Source "ChessBase"]
[SourceQuality "1"]

{[%evp 9,83,12,22,19,46,17,22,29,29,27,34,34,37,32,56,12,56,0,7,-35,11,0,56,45,42,50,64,65,66,32,64,50,66,58,58,41,27,-27,36,25,115,29,29,31,28,33,17,28,184,166,207,160,183,160,184,0,373,370,1116,1120,1124,1131,1112,1079,29989,29990,29990,29991,29992,29993,29993,29994,29994,29995,29996,29997]} 1. d4 Nf6 2. Bf4 g6 3. Nc3 c5 (3... d5 4. e3 Bg7 5. h4 h5 6. Be2 O-O 7. Nf3 c5 8. dxc5 Qa5 9. O-O Qxc5 10. Nb5 a6 11. Nc7 {½-½ (42) Naiditsch,A (2702)-Carlsen,M (2838) Karlsruhe 2017}) 4. d5 Qa5 5. Qd2 d6 6. e4 {A45: Trompowsky Attack} a6 7. f3 $146 ({Predecessor:} 7. Nf3 Bg7 8. Be2 O-O 9. O-O Bg4 10. Bh6 b5 11. Bxg7 Kxg7 {1-0 (61) Chueca Forcen,A (2351)-Duran,X (2288) Barcelona 2017}) 7... h6 8. Nge2 {The position is equal.} b5 9. Ng3 (9. Nb1 $5 {[%cal Rd2a5]} Qd8 10. a4 $11) 9... Nbd7 10. Be2 Bg7 11. O-O Nb6 12. Be3 Rb8 13. h3 (13. Qc1 $14) 13... h5 14. a3 Nfd7 (14... h4 $5 {[%cal Rh4g3]} 15. Nh1 Nc4 16. Bxc4 bxc4 $11) 15. Rfb1 Nc4 (15... Bxc3 $11 16. bxc3 Ne5) 16. Bxc4 $1 $14 bxc4 17. Nge2 Qc7 18. Bg5 Ne5 19. Nd1 a5 20. Ne3 Ba6 21. Nc3 Nd7 22. f4 Bd4 23. Ne2 ({White should play} 23. Kh1) 23... Qb6 ({But not} 23... Bxb2 $2 24. Rxb2 $1 {[%mdl 512]} Rxb2 25. Qc3 $18) (23... f6 $11 24. Nxd4 cxd4 25. Qxd4 h4) 24. c3 Bf6 {[#]} (24... Bg7 $1 $11) 25. h4 (25. Bxf6 $1 $16 Nxf6 26. e5) 25... Bg7 $11 {Hoping for ...f6.} 26. f5 $1 $36 {[%mdl 2048] White has some pressure.} Ne5 27. fxg6 fxg6 28. Nf4 Bc8 $2 {[#]} (28... O-O $11 {and Black is okay.}) 29. Ne6 $1 $18 {[%cal Re6g7]} Bxe6 30. dxe6 {Black must now prevent Nd5.} Qc6 31. Nd5 Rb7 32. Rd1 $2 (32. Rf1 $18) 32... Nd3 $2 {[%mdl 8192] [#]} (32... Qc8 $1 $11) 33. b3 $1 {[%mdl 512]} Rxb3 $2 (33... O-O 34. bxc4 Ne5 35. Nxe7+ Rxe7) 34. Bxe7 Bh6 35. Bg5 Bg7 36. Rf1 Rb2 {[#]} 37. Qxb2 $3 {[%mdl 512] White mates.} Nxb2 38. Rf7 Bxc3 39. Raf1 Bd4+ 40. Kh1 Qxd5 41. exd5 Nd3 42. Rc7 {Precision: White = 43%, Black = 23%.} 1-0

[Event "Spring Chess Classic 2017-B"]
[Site "Saint Louis"]
[Date "2017.05.16"]
[Round "1"]
[White "Chandra, Akshat"]
[Black "Ali Marandi, Cemil Can"]
[Result "1/2-1/2"]
[WhiteElo "2495"]
[BlackElo "2479"]
[Annotator "TA"]
[PlyCount "80"]
[EventDate "2017.??.??"]
[EventType "tourn"]
[EventCountry "USA"]
[SourceTitle "playchess.com"]
[Source "ChessBase"]
[SourceQuality "1"]

{[%evp 14,80,44,38,50,52,39,37,43,47,51,42,47,58,51,54,66,70,61,56,70,73,69,37,45,41,39,29,47,22,34,34,31,15,30,32,35,32,25,20,52,52,52,48,35,19,49,51,47,17,45,38,39,0,38,37,37,14,12,0,0,0,22,0,0,0,0,0,0]} 1. Nf3 d5 2. g3 g6 3. Bg2 Bg7 4. d4 Nh6 5. O-O O-O 6. Nbd2 {D02: 1 d4 d5 2 Nf3 sidelines, including 2...Nf6 3 g3 and 2...Nf6 3 Bf4} Nf5 7. c3 Nd6 8. Re1 {LiveBook: 6 Games. White is slightly better.} (8. Ne5 c6 9. e4 dxe4 10. Nxe4 Nxe4 11. Bxe4 Bh3 12. Re1 Nd7 13. Nd3 e5 14. dxe5 Nxe5 15. Nxe5 Qxd1 16. Rxd1 Bxe5 {0-1 (76) Meier,G (2654)-Vachier Lagrave,M (2758) Berlin 2015}) 8... b6 9. e4 dxe4 10. Nxe4 Nxe4 11. Rxe4 Bb7 12. Re1 Nd7 13. Bg5 Nf6 14. Qe2 $146 ({Predecessor:} 14. Ne5 Bxg2 15. Kxg2 {½-½ (51) Bauduin,E (2228)-Sielecki,C (2402) Belgium 2013}) 14... h6 15. Bf4 e6 16. Rad1 Qc8 17. c4 Rd8 18. Be5 c5 19. b3 Ne8 {[%cal Bf6e8,Be8g7,Bg7f5][%mdl 32]} 20. Rd3 cxd4 21. Bxg7 ({Much worse is} 21. Bxd4 Bxf3 22. Qxf3 Bxd4 $15) 21... Nxg7 22. Qd2 h5 23. Rxd4 Nf5 24. Rxd8+ Qxd8 25. Rd1 Qxd2 26. Rxd2 Bxf3 27. Bxf3 $14 {[%mdl 4096] Endgame KRB-KRN} Re8 28. Be4 Re7 29. Kf1 (29. Bxf5 $5 exf5 30. Kf1 $11) 29... Kg7 30. Bxf5 exf5 {KR-KR} 31. Rd6 Kf8 32. Rd8+ Kg7 33. Rd6 Kf8 34. Rd4 Ke8 35. b4 Re6 {The position is equal.} 36. h4 Ke7 37. Rd3 Re4 38. Ra3 a5 39. bxa5 bxa5 40. Rxa5 Rxc4 {Precision: White = 63%, Black = 72%.} 1/2-1/2

[Event "Spring Chess Classic 2017-B"]
[Site "Saint Louis"]
[Date "2017.05.16"]
[Round "1"]
[White "Paikidze, Nazi"]
[Black "Lenderman, Alex"]
[Result "0-1"]
[WhiteElo "2372"]
[BlackElo "2587"]
[Annotator "TA"]
[PlyCount "102"]
[EventDate "2017.??.??"]
[EventType "tourn"]
[EventCountry "USA"]
[SourceTitle "playchess.com"]
[Source "ChessBase"]
[SourceQuality "1"]

{[%evp 15,102,25,32,4,30,22,95,24,25,12,29,31,28,1,18,0,0,14,52,56,56,69,60,60,63,12,15,4,11,-7,0,0,0,-2,0,0,0,0,21,20,74,-54,-53,-358,-344,-343,-319,-422,-312,-427,-427,-391,-163,-171,-170,-163,-171,-170,-162,-194,-170,-240,-233,-241,-233,-299,-290,-287,-263,-367,-286,-279,-283,-267,-250,-299,-292,-439,-393,-395,-363,-361,-320,-308,-314,-311,-304,-320,-290]} 1. d4 Nf6 2. c4 e6 3. Nc3 Bb4 4. e3 O-O 5. Bd3 d5 6. Nge2 dxc4 7. Bxc4 Nbd7 {E48: Nimzo-Indian: Rubinstein: 5 Bd3 d5 including 6 Ne2, but excluding 6 a3} (7... e5 8. a3 Bd6 9. f3 Nc6 10. O-O a6 11. Ba2 b5 12. d5 Ne7 13. Ng3 Nf5 14. Nge4 Nxe4 15. Nxe4 Be7 {½-½ (48) Rakhmanov,A (2670)-Parligras,M (2605) Barcelona 2017}) 8. O-O e5 {LiveBook: 3 Games} 9. Qb3 (9. Bxf7+ $5 Rxf7 10. dxe5 $11) 9... Qe7 {The position is equal.} 10. Ng3 $146 ({Predecessor:} 10. a3 Ba5 11. Bd2 c6 12. Qc2 Bc7 13. Bd3 Re8 14. Nb5 Bb8 15. Bb4 Qd8 16. Nd6 Bxd6 17. Bxd6 {0-1 (40) Soreghy,J-Tompa,J Hungary 1975}) 10... g6 (10... Ba5 $11) 11. a3 (11. f4 $16 e4 12. Ngxe4) 11... Bd6 $11 12. Nb5 Nb6 (12... e4 {feels hotter.} 13. Nxd6 cxd6 14. Bd2 Nb6 15. d5 Nfd7) 13. Nxd6 cxd6 14. dxe5 dxe5 15. Bd2 Nxc4 16. Qxc4 {Black must now prevent Bb4.} Qe6 (16... Be6 $5 {[%cal Re6c4]} 17. Qh4 Nd5 $11) 17. Qh4 Bd7 18. f4 exf4 19. Rxf4 ({Much weaker is} 19. Qxf4 $6 Nd5 $11) 19... Nd5 20. Rd4 (20. Rf2 $14) 20... f5 21. e4 fxe4 22. Nxe4 Qb6 $1 {[%csl LRb2,LRd4][%cal Rb6d4]} 23. Ng5 $1 {[%csl Gg5][%cal Rh4h7,Be4g5,Bg5f3,Bf3e5][%mdl 32]} h5 24. Kh1 $132 {[%mdl 2048] White is fighting back} Qxb2 25. Rg1 Rf5 26. Nf3 Bc6 27. Qg3 Kh7 {[#]} (27... Ne7 $11 {keeps the balance.} 28. Rd3 Raf8) 28. Rxd5 ({White should play} 28. Bc1 $1 $16 {[%cal Rc1b2]} Qb6 29. Nh4) 28... Bxd5 $15 29. Bc3 $2 {[%mdl 8192]} (29. Nh4 $15 Qf6 30. Nxf5 Qxf5 31. Re1) 29... Qb6 $19 ({Not} 29... Qxa3 30. Nh4 $11) 30. Bd4 Qc6 31. Ne5 Qf6 32. Qc3 {If White can now play Ng4 this consolidates a bit.} Re8 33. Ng4 Qc6 (33... Qh4 $142 34. Ne3 Rf4 35. Nxd5 Rxd4) 34. Qxc6 Bxc6 35. Nf6+ {[#]} Rxf6 $1 36. Bxf6 {[%mdl 4096] Endgame KRB-KRB} Re3 37. Rd1 Rxa3 38. h4 (38. Ra1 {is a better defense.} Re3 39. Kg1) 38... Ra2 39. Rd8 {[%csl Gf6][%cal Rd8h8] [#]} g5 $1 40. hxg5 Rxg2 {Threatens to win with ...Kg6.} 41. Rc8 {Rxc6! is the strong threat.} Bd5 42. Rd8 Rxg5+ 43. Kh2 Rg2+ 44. Kh3 Rd2 45. Ra8 Kg6 46. Be5 (46. Be7 {was necessary.}) 46... Rd3+ 47. Kh2 Kf5 48. Bc7 a6 49. Rf8+ {Black has a decisive advantage.} Kg4 50. Rf4+ Kg5 51. Rf2 h4 {Precision: White = 45%, Black = 59%.} 0-1

[Event "Spring Chess Classic 2017-B"]
[Site "Saint Louis"]
[Date "2017.05.17"]
[Round "2"]
[White "Lenderman, Alex"]
[Black "Belous, Vladimir"]
[Result "1-0"]
[WhiteElo "2587"]
[BlackElo "2587"]
[Annotator "TA"]
[PlyCount "73"]
[EventDate "2017.??.??"]
[EventType "tourn"]
[EventCountry "USA"]
[SourceTitle "playchess.com"]
[Source "ChessBase"]
[SourceQuality "1"]

{[%evp 27,73,58,79,84,102,73,82,79,86,71,91,62,62,58,57,67,90,90,106,53,68,19,34,20,55,14,87,100,156,161,219,219,416,408,391,402,402,401,397,168,167,189,139,177,587,216,1008,956]} 1. d4 Nf6 2. c4 c5 3. d5 b5 4. cxb5 a6 5. bxa6 g6 6. Nc3 Bxa6 7. e4 Bxf1 8. Kxf1 d6 9. g3 Bg7 10. Kg2 O-O 11. Nf3 Nbd7 12. a4 {A59: Benko/Volga Gambit: White castles by hand} Ra6 13. Qc2 (13. Re1 Qa8 14. Nb5 Rc8 15. Ra3 Ne8 16. Qc2 Nc7 17. Nxc7 Rxc7 18. b4 cxb4 19. Qxc7 bxa3 20. Bxa3 Rxa4 21. Qxd7 {0-1 (37) Vallejo Pons,F (2711)-Tregubov,P (2585) Tallinn 2016}) 13... Qa8 14. Ra3 Rc8 {LiveBook: 13 Games} 15. Rd1 Ng4 {[#]} 16. b3 $146 ({Predecessor:} 16. Bf4 Nb6 17. h3 Bxc3 18. Rxc3 Nf6 19. b3 Nfd7 {1-0 (28) Atalik,S (2562)-Mariano,N (2318) Kuala Lumpur 2014}) 16... Nge5 17. Nxe5 Nxe5 18. Bf4 c4 19. Bxe5 (19. b4 {feels hotter.} Nd3 20. Rb1 f5 21. b5 Ra5 22. b6) 19... cxb3 20. Qxb3 Bxe5 21. Nb5 Qb7 22. Rd2 Raa8 23. Qd3 (23. Rc2 $16) 23... Qa6 $14 24. Re2 Rc5 25. Raa2 h5 26. Rec2 Rac8 (26... Rxc2 $11 27. Qxc2 Qa5) 27. Qb3 $16 Qb6 ({Better is} 27... g5) 28. Rxc5 Qxc5 (28... Rxc5 $142 29. Nd4 Qa6) 29. a5 $18 {[%cal Ba4a5,Ba5a6,Ba6a7][%mdl 32]} h4 $2 {[#]} (29... Rb8 {was called for.}) 30. a6 Qc1 {intending ...h3+.} 31. Qd3 Kg7 32. a7 Ra8 33. Qe2 (33. gxh4 $142 {aiming for h3.} g5 34. h5) 33... h3+ 34. Kxh3 Qg1 {[#] Strongly threatening ...f5.} 35. f4 Bf6 $2 (35... Bd4 {is tougher.} 36. Kg4 Bxa7) 36. Kg4 $2 (36. Qf2 Qc1 37. Kg2) 36... g5 $2 (36... Bd4 37. e5 dxe5 38. Nxd4 (38. fxe5 Bxa7 39. Qd3 f6 $16) 38... exd4) 37. e5 {Precision: White = 59%, Black = 37%.} 1-0

[Event "Spring Chess Classic 2017-B"]
[Site "Saint Louis"]
[Date "2017.05.17"]
[Round "2"]
[White "Fier, Alexandr"]
[Black "Chandra, Akshat"]
[Result "1-0"]
[WhiteElo "2569"]
[BlackElo "2495"]
[Annotator "TA"]
[PlyCount "79"]
[EventDate "2017.??.??"]
[EventType "tourn"]
[EventCountry "USA"]
[SourceTitle "playchess.com"]
[Source "ChessBase"]
[SourceQuality "1"]

{[%evp 21,79,29,14,0,0,-14,22,-25,-19,-19,-19,-19,-26,-22,-7,-14,0,-42,10,10,10,12,12,12,6,6,6,18,16,12,8,10,14,15,21,16,45,37,56,56,56,56,130,141,133,133,138,139,774,753,1195,1161,1412,842,963,953,953,949,942,927]} 1. e4 e5 2. Nf3 Nc6 3. Bb5 Nf6 4. d3 Bc5 5. c3 O-O 6. O-O d6 7. Bg5 h6 {C65: Ruy Lopez: Berlin Defence (3...Nf6), unusual lines and 4 0-0 Bc5} 8. Bh4 g5 9. Bg3 Nh5 10. d4 Nxg3 11. hxg3 Bb6 {LiveBook: 3 Games} 12. Bxc6 bxc6 13. dxe5 {[#]} (13. a4 $5 {[%cal Ra4a5]} g4 14. Nh4 $11) 13... g4 $146 ({Predecessor:} 13... dxe5 14. Nxe5 Ba6 15. Qxd8 Raxd8 {½-½ (47) Kasimdzhanov,R (2700)-Bok,B (2591) Rosmalen 2014}) 14. Nd4 dxe5 15. Nxc6 Bxf2+ 16. Kxf2 Qf6+ 17. Kg1 $1 Qxc6 18. Qe2 Rb8 19. c4 Be6 (19... Qb6+ $15 20. Rf2 f5) 20. b3 $1 $11 Qc5+ 21. Kh2 Rbd8 22. Nc3 {[%cal Bb1c3,Bc3a4,Ba4c5][%mdl 32] next Nd5 is good for White.} c6 23. Na4 Qe7 24. Qe3 Kg7 25. Rad1 h5 26. Qc5 Qxc5 27. Nxc5 Bc8 28. b4 {[%cal Bb3b4,Bb4b5,Bb5b6,Bb6b7][%mdl 32]} f6 29. a4 {[%cal Ba2a4,Ba4a5][%mdl 32]} Kf7 30. b5 $1 $36 {[%mdl 2048] White is more active.} Ke7 31. a5 $1 {aiming for b6.} ({Worse is} 31. bxc6 Rxd1 32. Rxd1 Rd8 $17) 31... Be6 (31... cxb5 $1 $14 32. cxb5 Bd7) 32. b6 {Hoping for b7.} ({And not} 32. bxc6 Rxd1 33. Rxd1 Rc8 $15) 32... Bxc4 {[#]} 33. Rxd8 $1 Rxd8 $16 {[%mdl 4096] Endgame KRB-KRN} 34. Rc1 Bb5 $2 {[%mdl 8192]} (34... Be2 $16) 35. b7 $18 {White is clearly winning.} f5 {[#]} 36. Rd1 $1 {[%mdl 512]} Rb8 (36... Rxd1 37. b8=Q) 37. exf5 e4 38. Rd7+ Kf6 39. Nxe4+ Kxf5 40. Nc5 {Precision: White = 77%, Black = 41%.} 1-0

[Event "Spring Chess Classic 2017-B"]
[Site "Saint Louis"]
[Date "2017.05.17"]
[Round "2"]
[White "Chirila, Ioan-Cristian"]
[Black "Paikidze, Nazi"]
[Result "1-0"]
[WhiteElo "2536"]
[BlackElo "2372"]
[Annotator "TA"]
[PlyCount "105"]
[EventDate "2017.??.??"]
[EventType "tourn"]
[EventCountry "USA"]
[SourceTitle "playchess.com"]
[Source "ChessBase"]
[SourceQuality "1"]

{[%evp 19,105,17,25,0,23,20,31,37,46,6,33,-9,-10,0,-6,-8,107,88,86,23,20,12,49,49,49,44,66,72,41,41,119,119,126,119,119,119,119,119,120,119,119,119,120,120,172,165,165,164,164,156,267,254,386,346,558,558,551,544,544,0,514,0,536,536,529,529,513,513,1560,1511,1332,1235,691,735,12793,3392,29956,29953,12850,12848,29952,29955,29965,29966,29955,29936,29971,29971]} 1. c4 Nf6 2. Nc3 g6 3. d4 Bg7 4. Nf3 O-O 5. Bg5 d6 6. e3 Nbd7 7. Be2 e5 8. dxe5 dxe5 9. Qc2 c6 10. O-O Qc7 11. Nd2 {E61: King's Indian: Early deviations for White, including Smyslov System} (11. Rfd1 Nc5 12. Bxf6 Bxf6 13. b4 Ne6 14. Nd2 Bg7 15. c5 f5 16. Nc4 Ng5 17. Nd6 Be6 18. Rab1 Rad8 {1-0 (45) Andersen,M (2474)-Cukrowski,F (2320) Stockholm 2016}) 11... a5 12. a3 h6 13. Bh4 {White is slightly better.} Nh7 14. b4 $146 ({Predecessor:} 14. f3 f5 15. Bf2 Nhf6 16. Rad1 Nb6 17. c5 Nbd5 18. Bc4 Kh8 {1-0 (34) Schindlbeck,T (2052)-Bender,A (1912) Naumburg 2010}) 14... f5 {Strongly threatening ...g5.} 15. f3 axb4 16. axb4 Rxa1 17. Rxa1 Qb6 (17... e4 $11) 18. c5 $36 {[%mdl 2048] Keeping Black busy.} Qxb4 {[#]} 19. Be7 (19. Nce4 $1 $16 {[%mdl 512]} fxe4 20. Nxe4 Nxc5 21. Be1 (21. Qxc5 Qxc5 22. Nxc5 e4 $11)) 19... e4 $1 $11 20. Bxf8 Qxc3 (20... Ndxf8 {feels hotter.} 21. Ra8 Bxc3 22. Nb1 exf3 23. gxf3 Be6) 21. Qxc3 Bxc3 22. Ra8 Nhxf8 23. Nb3 exf3 24. gxf3 Bb4 (24... Kg7 $14) 25. Rxc8 {Hoping for Bc4+.} Bxc5 26. Bc4+ Kg7 27. Nxc5 Nxc5 $16 {[%mdl 4096] Endgame KRB-KNN} 28. Rc7+ $1 Nfd7 29. Be6 $1 {[%cal Re6d7]} Nxe6 30. Rxd7+ {KR-KN} Kf6 31. Rxb7 g5 (31... f4 $16 32. exf4 Nxf4) 32. Kf2 c5 33. Rh7 Kg6 34. Rh8 h5 {[#]} (34... f4 $16 35. Ke2 Kg7) 35. h4 $1 $18 f4 {[#]} (35... gxh4 $142 36. f4 Nc7 37. Rg8+ Kf6) 36. hxg5 $1 Kxg5 $2 (36... fxe3+ {keeps fighting.} 37. Kxe3 Kxg5) 37. e4 Kg6 38. Kg2 Kg5 {Now ...Kg6 and Black clings on.} 39. Kf2 Kg6 $1 40. Kg2 Kg5 $1 41. Rh7 Kg6 42. Rd7 Kf6 43. Rd5 h4 (43... c4 $142 44. Rd6 Ke7) 44. Kh3 Nd4 45. Kg4 Nb3 46. Kxf4 c4 47. Rd6+ Ke7 48. Rc6 Nd2 49. Ke3 Kd7 50. Rc5 {White mates.} Nf1+ 51. Kf2 Ng3 52. Rxc4 Kd6 53. Rc8 {Precision: White = 72%, Black = 36%.} 1-0